| 000 | 00790nac a22002297a 4500 | ||
|---|---|---|---|
| 001 | BR9507987 | ||
| 003 | BR-BrBNA | ||
| 005 | 20240105121649.0 | ||
| 008 | 230509b bl.|||m| |||| 00| 0 por d | ||
| 040 |
_aBR-BrBNA _bpor _cBiblioteca Nacional de Agricultura |
||
| 072 | _aE14 | ||
| 090 | _aE14 BR9507987 | ||
| 110 | 1 |
_aComissao Estadual de Planejamento Agricola, Maceio, AL (Brasil) _92053 |
|
| 245 | 1 | _aPlano Anual do Setor Publico Agricola do estado de Alagoas para 1978 | |
| 260 | 3 |
_aMaceio, AL (Brasil): _c1978. |
|
| 300 | _a45 p. | ||
| 490 |
_aPlano Anual do Setor Publico Agricola - Comissao Estadual de Planejamento Agricola (Brazil) _v _x |
||
| 650 | _aPlanejamento Agricola | ||
| 650 | _aAlagoas | ||
| 909 |
_a202312 _bLúcia Elande _c55 _dLúcia Elande |
||
| 942 |
_2AGRIS _n0 _cMS |
||
| 999 |
_c286657 _d286657 |
||